Bác còn sống mãi thơ

সংরক্ষণ করুন:
গ্রন্থ-পঞ্জীর বিবরন
প্রধান লেখক: Nguyễn Bá
অন্যান্য লেখক: Hải Châu (tác giả), Thu Bồn (tác giả)
বিন্যাস: গ্রন্থ
প্রকাশিত: H. Văn học giải phóng 1975
সংস্করন:In lần thứ 2
মালা:Tủ sách Nguyễn Tất Thành
বিষয়গুলি:
ট্যাগগুলো: ট্যাগ যুক্ত করুন
কোনো ট্যাগ নেই, প্রথমজন হিসাবে ট্যাগ করুন!
Thư viện lưu trữ: Trung tâm Học liệu Lê Vũ Hùng, Trường Đại học Đồng Tháp
LEADER 00923pam a22002778a 4500
001 00019561
005 20171026081022.0
008 110507s1975 ||||||Viesd
041 0 # |a Vie 
082 1 4 |a 895.922 1  |b B101C 
100 0 # |a Nguyễn Bá 
245 0 0 |a Bác còn sống mãi  |b thơ  |c Nguyễn Bá, Thu Bồn, Hải Châu 
250 # # |a In lần thứ 2 
260 # # |a H.  |b Văn học giải phóng  |c 1975 
300 # # |a 127 tr.  |c 19 cm. 
490 # # |a Tủ sách Nguyễn Tất Thành 
650 # 4 |a Thơ 
653 # # |a Việt Nam 
653 # # |a Văn học 
700 0 # |a Hải Châu  |e tác giả 
700 0 # |a Thu Bồn  |e tác giả 
852 # # |b Kho mượn  |j KM.0009439, KM.0011506 
852 # # |b Kho đọc  |j KD.0005363 
852 # # |j KD.0005363  |j KM.0009439  |j KM.0011506 
910 |d 07/05/2011 
980 # # |a Trung tâm Học liệu Lê Vũ Hùng, Trường Đại học Đồng Tháp